[Event "CYCC U12"]
[Site "Ottawa CAN"]
[Date "2007.07.04"]
[Round "4"]
[White "Gustafson, Blake"]
[Black "Chartrand, Maxime"]
[Result "1-0"]
[WhiteElo "1153"]
[BlackElo "899"]
[PlyCount "53"]
[GameId "2160767910650883"]
[EventDate "2007.07.03"]
[EventType "swiss"]
[EventRounds "7"]
[EventCountry "CAN"]
[SourceTitle "EXT 2022"]
[Source "ChessBase"]
[SourceDate "2021.10.06"]
[SourceVersion "1"]
[SourceVersionDate "2021.10.06"]
[SourceQuality "1"]

1. d4 d5 2. Nf3 Nf6 3. Nc3 Nc6 4. Bf4 g5 5. Bxg5 h6 6. Bh4 Bf5 7. a3 e6 8. e3 Bd6 9. Bd3 a6 10. Bxf5 exf5 11. O-O Ng4 12. Bg3 Qf6 13. Nxd5 Qe6 14. Nxc7+ Bxc7 15. Bxc7 f4 16. Bxf4 Rd8 17. e4 Qf6 18. d5 Qxf4 19. Qe2 Nd4 20. Qd1 Qxe4 21. Re1 Qxe1+ 22. Qxe1+ Kf8 23. Qb4+ Kg8 24. Qxd4 f6 25. Qxg4+ Kf7 26. Qe6+ Kf8 27. Qxf6+ 1-0

[Event "CYCC U12"]
[Site "Ottawa CAN"]
[Date "2007.07.04"]
[Round "4"]
[White "Itkin, David"]
[Black "Tyagi, Karthikay"]
[Result "1/2-1/2"]
[WhiteElo "1482"]
[BlackElo "1156"]
[PlyCount "175"]
[GameId "2160767910650884"]
[EventDate "2007.07.03"]
[EventType "swiss"]
[EventRounds "7"]
[EventCountry "CAN"]
[SourceTitle "EXT 2022"]
[Source "ChessBase"]
[SourceDate "2021.10.06"]
[SourceVersion "1"]
[SourceVersionDate "2021.10.06"]
[SourceQuality "1"]

1. e4 g6 2. d4 Bg7 3. Nf3 d6 4. Nc3 Nf6 5. Be2 O-O 6. Be3 Bg4 7. O-O Nbd7 8. h3 Bxf3 9. Bxf3 e5 10. d5 Nb6 11. Be2 c6 12. f4 Re8 13. f5 cxd5 14. exd5 Rc8 15. fxg6 fxg6 16. Bg5 Nc4 17. b3 Qb6+ 18. Kh1 Ne3 19. Na4 Nxd1 20. Nxb6 axb6 21. Bxd1 Nxd5 22. Be2 Rxc2 23. Bc4 Rxc4 24. bxc4 Nb4 25. Rab1 Nxa2 26. Rxb6 Bf8 27. Rxb7 e4 28. Bf6 e3 29. Rb2 e2 30. Re1 Nc1 31. Rc2 Bh6 32. Bb2 Rf8 33. Bc3 Rf1+ 34. Kh2 Bf4+ 35. g3 Rf2+ 36. Kg1 Be3 37. Kh1 Bd2 38. Rxe2 Nxe2 39. Rxd2 Nxg3+ 40. Kg1 Rxd2 41. Bxd2 Ne4 42. Bb4 Kf7 43. Kg2 Ke6 44. Kf3 Ke5 45. Ke3 Ng5 46. h4 Nf7 47. Bc3+ Kf5 48. Kf3 Nh6 49. Bb4 Ke5 50. c5 dxc5 51. Bxc5 Nf5 52. Kg4 Kf6 53. h5 Nh6+ 54. Kh4 g5+ 55. Kg3 Nf5+ 56. Kg4 h6 57. Bb6 Ke5 58. Bc7+ Ke4 59. Bb6 Ne3+ 60. Kg3 Nd5 61. Bd8 Kf5 62. Ba5 g4 63. Bd2 Nf6 64. Bxh6 Nxh5+ 65. Kh4 Nf6 66. Bg7 Ne4 67. Be5 Nf2 68. Bd4 Nh3 69. Kg3 Kg5 70. Be3+ Kh5 71. Bd2 Ng1 72. Be3 Ne2+ 73. Kf2 Nc3 74. Kg3 Ne4+ 75. Kg2 Kh4 76. Bf4 Nc3 77. Bb8 Nd1 78. Bc7 Ne3+ 79. Kh2 Nf1+ 80. Kg2 Ne3+ 81. Kh2 Nd5 82. Bb8 Kg5 83. Kg3 Nf6 84. Bc7 Kf5 85. Bb8 Ke4 86. Bc7 Ke3 87. Bd8 Ne4+ 88. Kxg4 1/2-1/2

[Event "CYCC U12"]
[Site "Ottawa CAN"]
[Date "2007.07.04"]
[Round "4"]
[White "Kaminski, Thomas"]
[Black "Qin, Zi Yi (Joey)"]
[Result "1/2-1/2"]
[WhiteElo "1982"]
[BlackElo "2089"]
[PlyCount "69"]
[GameId "2160767910650885"]
[EventDate "2007.07.03"]
[EventType "swiss"]
[EventRounds "7"]
[EventCountry "CAN"]

1. d4 Nf6 2. c4 e6 3. Nc3 Bb4 4. e3 b6 5. a3 Bxc3+ 6. bxc3 Ne4 7. Qc2 Bb7 8. Nf3 O-O 9. Bd3 f5 10. O-O d6 11. Nd2 Qh4 12. f3 Nxd2 13. Bxd2 Nd7 14. Be1 Qe7 15. Bg3 Rf7 16. Rab1 Raf8 17. Qd2 e5 18. f4 e4 19. Be2 Kh8 20. h4 g6 21. Kf2 Kg7 22. Rh1 h5 23. Rb3 Ra8 24. Rhb1 Rff8 25. Kf1 Nf6 26. Bf2 Bc8 27. Kg1 Bd7 28. Qa2 Rh8 29. g3 Be6 30. R3b2 Qf7 31. Rc2 c6 32. a4 Rhb8 33. Rcb2 Rc8 34. Qa3 Rd8 35. Qb4 1/2-1/2

[Event "CYCC U12"]
[Site "Ottawa CAN"]
[Date "2007.07.04"]
[Round "4"]
[White "Lampi, Billy"]
[Black "Seguin, Ryan"]
[Result "0-1"]
[WhiteElo "1181"]
[BlackElo "1323"]
[PlyCount "56"]
[GameId "2160767910650887"]
[EventDate "2007.07.03"]
[EventType "swiss"]
[EventRounds "7"]
[EventCountry "CAN"]
[SourceTitle "EXT 2022"]
[Source "ChessBase"]
[SourceDate "2021.10.06"]
[SourceVersion "1"]
[SourceVersionDate "2021.10.06"]
[SourceQuality "1"]

1. e3 e5 2. Ne2 Nc6 3. d3 d5 4. Nd2 Nf6 5. b3 Bd6 6. Bb2 O-O 7. g3 b5 8. Bg2 Ba6 9. O-O Qe8 10. Kh1 Bb7 11. Rg1 Bc5 12. d4 exd4 13. Nf4 dxe3 14. Bxf6 gxf6 15. Nxd5 Qd8 16. Nxf6+ Qxf6 17. Ne4 Qe7 18. Nxc5 Qxc5 19. Be4 exf2 20. Rf1 Rae8 21. Qg4+ Kh8 22. Bf5 Ne5+ 23. Be4 Nxg4 24. Bxb7 Re1 25. Raxe1 fxe1=Q 26. Rxe1 Qf2 27. Bg2 Qxe1+ 28. Bf1 Qxf1# 0-1

[Event "CYCC U12"]
[Site "Ottawa CAN"]
[Date "2007.07.04"]
[Round "4"]
[White "Leu, Richard"]
[Black "Lepine, Cedric"]
[Result "1-0"]
[WhiteElo "1824"]
[BlackElo "1526"]
[PlyCount "57"]
[GameId "2160767910650888"]
[EventDate "2007.07.03"]
[EventType "swiss"]
[EventRounds "7"]
[EventCountry "CAN"]
[SourceTitle "EXT 2022"]
[Source "ChessBase"]
[SourceDate "2021.10.06"]
[SourceVersion "1"]
[SourceVersionDate "2021.10.06"]
[SourceQuality "1"]

1. d4 d5 2. c4 e6 3. Nc3 Bb4 4. Qc2 Nf6 5. a3 Be7 6. e3 Nbd7 7. Nf3 O-O 8. Bd3 h6 9. O-O c5 10. cxd5 exd5 11. dxc5 Nxc5 12. Be2 Be6 13. Nd4 Rc8 14. f3 Qb6 15. b4 Na4 16. Qxa4 Rxc3 17. Bd2 Rcc8 18. Rac1 Bd7 19. Bb5 Bxb5 20. Qxb5 Qxb5 21. Nxb5 a6 22. Nd4 Bd6 23. Nf5 Rcd8 24. Nxd6 Rxd6 25. Rc7 b5 26. Bc3 Nd7 27. Bd4 Nb6 28. Bc5 Rfd8 29. Bxd6 1-0

[Event "CYCC U12"]
[Site "Ottawa CAN"]
[Date "2007.07.04"]
[Round "4"]
[White "Li, Changhe"]
[Black "Inigo, Aquino"]
[Result "0-1"]
[WhiteElo "1807"]
[BlackElo "1995"]
[PlyCount "109"]
[GameId "2160767910650889"]
[EventDate "2007.07.03"]
[EventType "swiss"]
[EventRounds "7"]
[EventCountry "CAN"]
[SourceTitle "EXT 2022"]
[Source "ChessBase"]
[SourceDate "2021.10.06"]
[SourceVersion "1"]
[SourceVersionDate "2021.10.06"]
[SourceQuality "1"]

1. e4 e6 2. d4 d5 3. Nc3 Bb4 4. e5 c5 5. a3 Bxc3+ 6. bxc3 Ne7 7. Qg4 O-O 8. Nf3 Nbc6 9. Bd3 f5 10. exf6 Rxf6 11. Qh5 h6 12. O-O c4 13. Be2 Bd7 14. Nh4 Qe8 15. f4 Qxh5 16. Bxh5 Raf8 17. Nf3 Be8 18. Bxe8 Rxe8 19. a4 b6 20. g3 Nf5 21. Ba3 Na5 22. Rae1 Nb7 23. Rf2 Nfd6 24. Bxd6 Nxd6 25. Nd2 Kf7 26. Rb1 g5 27. fxg5 Rxf2 28. Kxf2 hxg5 29. h4 gxh4 30. gxh4 Rh8 31. Rh1 Kg6 32. Rg1+ Kf6 33. Rh1 b5 34. axb5 Nxb5 35. Nb1 a5 36. Kg3 a4 37. Rf1+ Kg6 38. Kg4 a3 39. Nxa3 Nxa3 40. Rf2 Nb1 41. Re2 Re8 42. h5+ Kh6 43. Rf2 Nxc3 44. Rf6+ Kg7 45. Rg6+ Kh7 46. Kg5 Rg8 47. Rxg8 Kxg8 48. Kf6 Kh7 49. Kxe6 Kh6 50. Kf6 Kxh5 51. Kf5 Nd1 52. Kf6 Ne3 53. Ke5 Kg4 54. Kd6 Kf5 55. Kc6 0-1

[Event "CYCC U12"]
[Site "Ottawa CAN"]
[Date "2007.07.04"]
[Round "4"]
[White "Li, Ruokai (David)"]
[Black "Han, Yiming"]
[Result "0-1"]
[WhiteElo "958"]
[BlackElo "1904"]
[PlyCount "60"]
[GameId "2160767910650890"]
[EventDate "2007.07.03"]
[EventType "swiss"]
[EventRounds "7"]
[EventCountry "CAN"]

1. e4 e5 2. Nf3 Nc6 3. Bb5 a6 4. Bxc6 dxc6 5. O-O Bg4 6. h3 h5 7. d3 Qf6 8. Be3 Bxf3 9. Qxf3 Qxf3 10. gxf3 f5 11. Nc3 Bd6 12. Ne2 f4 13. Bd2 Ne7 14. c3 Ng6 15. Kh2 Nh4 16. Ng1 g5 17. Rad1 O-O-O 18. Kh1 Rdg8 19. c4 g4 20. fxg4 hxg4 21. b4 gxh3 22. f3 h2 23. Ne2 Rg2 24. Rde1 Rhg8 25. Bc3 c5 26. a3 Be7 27. bxc5 Nxf3 28. Rxf3 Bh4 29. Nxf4 Rg1+ 30. Rxg1 hxg1=Q# 0-1

[Event "CYCC U12"]
[Site "Ottawa CAN"]
[Date "2007.07.04"]
[Round "4"]
[White "Tan, Guang Tong"]
[Black "Han, Yifei"]
[Result "0-1"]
[WhiteElo "1632"]
[BlackElo "1854"]
[PlyCount "64"]
[GameId "2160767910650891"]
[EventDate "2007.07.03"]
[EventType "swiss"]
[EventRounds "7"]
[EventCountry "CAN"]
[SourceTitle "EXT 2022"]
[Source "ChessBase"]
[SourceDate "2021.10.06"]
[SourceVersion "1"]
[SourceVersionDate "2021.10.06"]
[SourceQuality "1"]

1. e4 e5 2. Nf3 Nc6 3. d4 exd4 4. Nxd4 Nf6 5. Nxc6 bxc6 6. e5 Qe7 7. Qe2 Nd5 8. c4 Nb6 9. b3 g6 10. Bb2 Bg7 11. Nd2 O-O 12. a4 Ba6 13. a5 Nd5 14. g3 Rfe8 15. Nf3 d6 16. Qe4 Nb4 17. Bc3 dxe5 18. Bg2 f5 19. Qe2 e4 20. Nd4 Nd3+ 21. Kf1 c5 22. Nb5 Bxb5 23. Bxg7 Bxc4 24. bxc4 Qxg7 25. Rb1 Rab8 26. Rd1 Qc3 27. Qa2 Rb2 28. Qa4 Reb8 29. Bh3 Rxf2+ 30. Kg1 Qd4 31. Rf1 Rxf1+ 32. Kxf1 Qf2# 0-1

[Event "CYCC U12"]
[Site "Ottawa CAN"]
[Date "2007.07.04"]
[Round "4"]
[White "Xu, Jun Rui"]
[Black "Venner, John"]
[Result "1-0"]
[WhiteElo "1437"]
[BlackElo "784"]
[PlyCount "93"]
[GameId "2160767910650892"]
[EventDate "2007.07.03"]
[EventType "swiss"]
[EventRounds "7"]
[EventCountry "CAN"]
[SourceTitle "EXT 2022"]
[Source "ChessBase"]
[SourceDate "2021.10.06"]
[SourceVersion "1"]
[SourceVersionDate "2021.10.06"]
[SourceQuality "1"]

1. d4 d5 2. c4 dxc4 3. Nc3 Nc6 4. Nf3 Bf5 5. e3 Nf6 6. Bxc4 e6 7. a3 h6 8. O-O Qd7 9. b4 O-O-O 10. Bb2 Bd6 11. d5 exd5 12. Nxd5 Nxd5 13. Bxd5 b6 14. Rc1 Kb7 15. Bxc6+ Qxc6 16. Rxc6 Kxc6 17. Qa4+ Kb7 18. Rc1 Be4 19. b5 Rd7 20. Qxe4+ Kb8 21. Bxg7 Rhd8 22. Nd4 Rg8 23. Kh1 Bxa3 24. Ra1 Bb2 25. Rb1 Bxd4 26. exd4 c5 27. bxc6 f5 28. Qe5+ Rc7 29. d5 a5 30. Rxb6+ Ka7 31. Rb7+ Rxb7 32. cxb7 Kxb7 33. d6 Rc8 34. h4 Kc6 35. Qxa5 Kxd6 36. Qa6+ Rc6 37. Qxc6+ Kxc6 38. Bxh6 Kd7 39. Kh2 Ke7 40. Kg3 Kf7 41. Kf4 Kg6 42. Bg5 Kh5 43. Ke5 Kg6 44. Bd8 Kh5 45. Kxf5 Kh6 46. Bg5+ Kh5 47. g4# 1-0

[Event "CYCC U12"]
[Site "Ottawa CAN"]
[Date "2007.07.05"]
[Round "5"]
[White "Chan, Alex H"]
[Black "Xu, Jun Rui"]
[Result "1/2-1/2"]
[WhiteElo "1675"]
[BlackElo "1437"]
[PlyCount "148"]
[GameId "2160767910659085"]
[EventDate "2007.07.03"]
[EventType "swiss"]
[EventRounds "7"]
[EventCountry "CAN"]
[SourceTitle "EXT 2022"]
[Source "ChessBase"]
[SourceDate "2021.10.06"]
[SourceVersion "1"]
[SourceVersionDate "2021.10.06"]
[SourceQuality "1"]

1. e4 e5 2. Nf3 Nc6 3. Bb5 Bc5 4. c3 Nf6 5. O-O a6 6. Ba4 Bb6 7. Re1 O-O 8. d4 exd4 9. cxd4 d5 10. exd5 Qxd5 11. Nc3 Qd6 12. Be3 Bg4 13. Bxc6 Qxc6 14. Ne5 Bxd1 15. Nxc6 Bh5 16. Ne7+ Kh8 17. Ncd5 Nxd5 18. Nxd5 Ba5 19. Rec1 c6 20. Ne7 f5 21. Rc5 Bb4 22. Rxf5 Bg4 23. Re5 Rae8 24. Bg5 Bd6 25. Re3 Bb4 26. Re5 Bd6 27. Re4 Bb4 28. f3 Bd7 29. a3 Bd6 30. Rae1 Ra8 31. Rh4 Be8 32. Rhe4 Bd7 33. Bh4 g6 34. Bg3 Bxg3 35. hxg3 Rae8 36. d5 cxd5 37. Nxd5 Bc6 38. Rxe8 Rxe8 39. Rxe8+ Bxe8 40. Kf2 Kg7 41. f4 Bc6 42. Nb4 Be4 43. g4 Kf6 44. g3 a5 45. Na2 h5 46. gxh5 gxh5 47. Nc3 Bc6 48. Ne2 Bd5 49. Nd4 Be4 50. Nb5 Bc6 51. Nc3 Kf5 52. Ne2 Ke4 53. Ng1 Kf5 54. Ne2 Ke4 55. Ng1 Kf5 56. Ke3 Kg4 57. Ne2 Bb5 58. b4 axb4 59. axb4 Bc4 60. Kf2 Be6 61. Nd4 Bd7 62. Nc2 Kf5 63. Ke3 Kg4 64. Kf2 Kf5 65. Ke3 Kg4 66. Kf2 Kf5 67. Kf3 Bc6+ 68. Ke3 Kg4 69. Kf2 Kf5 70. Nd4+ Kg4 71. Nxc6 bxc6 72. Kg2 Kf5 73. Kf3 Kg6 74. f5+ Kxf5 1/2-1/2

[Event "CYCC U12"]
[Site "Ottawa CAN"]
[Date "2007.07.05"]
[Round "5"]
[White "Chartrand, Maxime"]
[Black "Godreau, Kieran"]
[Result "1-0"]
[WhiteElo "899"]
[BlackElo "1090"]
[PlyCount "75"]
[GameId "2160767910659086"]
[EventDate "2007.07.03"]
[EventType "swiss"]
[EventRounds "7"]
[EventCountry "CAN"]
[SourceTitle "EXT 2022"]
[Source "ChessBase"]
[SourceDate "2021.10.06"]
[SourceVersion "1"]
[SourceVersionDate "2021.10.06"]
[SourceQuality "1"]

1. e4 e6 2. Nf3 Bc5 3. d4 Bb6 4. Nc3 Nf6 5. e5 Ng4 6. Ne4 d5 7. Nc3 Ba5 8. Bf4 Nc6 9. Ng5 Bb6 10. Qxg4 Nxd4 11. O-O-O Bd7 12. Bd3 Nf5 13. Qh5 Nh6 14. g4 g6 15. Qxh6 Rf8 16. Bb5 c6 17. Bd3 Bxf2 18. Nxh7 Qe7 19. Nxf8 Qxf8 20. Qxf8+ Kxf8 21. Bh6+ Ke8 22. Ne2 Rc8 23. Rhf1 Bc5 24. Rf3 Bf8 25. Bxf8 Kxf8 26. Rdf1 Be8 27. h4 c5 28. h5 c4 29. h6 Kg8 30. Bxg6 fxg6 31. Rf8+ Kh7 32. g5 d4 33. Nxd4 c3 34. Nxe6 b5 35. bxc3 Rxc3 36. Ng7 Ra3 37. Nxe8 Rxa2 38. R1f7# 1-0

[Event "CYCC U12"]
[Site "Ottawa CAN"]
[Date "2007.07.05"]
[Round "5"]
[White "Cheng, Jack"]
[Black "Wang, Harris"]
[Result "1-0"]
[WhiteElo "1843"]
[BlackElo "1645"]
[PlyCount "55"]
[GameId "2160767910659087"]
[EventDate "2007.07.03"]
[EventType "swiss"]
[EventRounds "7"]
[EventCountry "CAN"]
[SourceTitle "EXT 2022"]
[Source "ChessBase"]
[SourceDate "2021.10.06"]
[SourceVersion "1"]
[SourceVersionDate "2021.10.06"]
[SourceQuality "1"]

1. e4 c5 2. Nf3 d6 3. d4 cxd4 4. Nxd4 Nf6 5. Nc3 g6 6. Be3 Bg7 7. f3 Nc6 8. Bc4 O-O 9. Qd2 Bd7 10. O-O-O Rb8 11. h4 b5 12. Bf1 Ne5 13. Bh6 b4 14. Nd5 Nxd5 15. exd5 Qc7 16. h5 f5 17. hxg6 hxg6 18. Bxg7 Kxg7 19. Qg5 Qd8 20. Re1 Rf7 21. Ne6+ Bxe6 22. dxe6 Rf8 23. f4 Nc6 24. Rh6 Qe8 25. Bc4 Rh8 26. Reh1 Rxh6 27. Rxh6 Na5 28. Bd3 1-0

[Event "CYCC U12"]
[Site "Ottawa CAN"]
[Date "2007.07.05"]
[Round "5"]
[White "Dragan, Cristian"]
[Black "Nunez-Painchaud, Raphael"]
[Result "0-1"]
[WhiteElo "1708"]
[BlackElo "1468"]
[PlyCount "102"]
[GameId "2160767910659088"]
[EventDate "2007.07.03"]
[EventType "swiss"]
[EventRounds "7"]
[EventCountry "CAN"]
[SourceTitle "EXT 2022"]
[Source "ChessBase"]
[SourceDate "2021.10.06"]
[SourceVersion "1"]
[SourceVersionDate "2021.10.06"]
[SourceQuality "1"]

1. e4 c5 2. Nf3 g6 3. d4 cxd4 4. Nxd4 Nc6 5. Nc3 Nf6 6. Bc4 Bg7 7. Be3 O-O 8. Qd2 Ng4 9. Nxc6 dxc6 10. Qxd8 Rxd8 11. Bd2 Ne5 12. Bb3 c5 13. a3 e6 14. f4 Nc6 15. O-O-O Nd4 16. Be3 b6 17. Bxd4 Bxd4 18. Rhe1 Bb7 19. Nb5 Bf2 20. Rxd8+ Rxd8 21. Re2 Bg1 22. g3 a6 23. Nc3 Bd4 24. Nd1 b5 25. c3 Bf6 26. Bc2 e5 27. Ne3 exf4 28. gxf4 Re8 29. e5 Bg7 30. Ng2 Bh6 31. Ne3 Bxf4 32. Bb3 c4 33. Bc2 Rxe5 34. Kd2 f5 35. h3 Be4 36. Bxe4 Rxe4 37. h4 Bh6 38. Re1 Kg7 39. Re2 f4 40. Kc2 Rxe3 41. Rxe3 fxe3 42. Kd1 Kf6 43. Ke2 Kf5 44. h5 Ke4 45. hxg6 hxg6 46. b3 cxb3 47. c4 b2 48. a4 b1=Q 49. axb5 Qc2+ 50. Ke1 Qd2+ 51. Kf1 Qf2# 0-1

[Event "CYCC U12"]
[Site "Ottawa CAN"]
[Date "2007.07.05"]
[Round "5"]
[White "Gagnon, Justin"]
[Black "Li, Changhe"]
[Result "0-1"]
[WhiteElo "1469"]
[BlackElo "1807"]
[PlyCount "80"]
[GameId "2160767910659089"]
[EventDate "2007.07.03"]
[EventType "swiss"]
[EventRounds "7"]
[EventCountry "CAN"]
[SourceTitle "EXT 2022"]
[Source "ChessBase"]
[SourceDate "2021.10.06"]
[SourceVersion "1"]
[SourceVersionDate "2021.10.06"]
[SourceQuality "1"]

1. e4 c5 2. Nf3 e6 3. d4 cxd4 4. Nxd4 a6 5. Nc3 Qc7 6. Be3 Nf6 7. f3 Be7 8. Qd2 d6 9. Nb3 Nbd7 10. Be2 b5 11. a3 Bb7 12. Na2 Rc8 13. Bd3 Ne5 14. Rc1 O-O 15. Qa5 Qd7 16. O-O Nc4 17. Bxc4 bxc4 18. Nd2 d5 19. exd5 Nxd5 20. Bf2 Bd8 21. Qc5 Rxc5 22. Bxc5 Be7 23. Bf2 Rc8 24. g3 Bc5 25. Ne4 Bxf2+ 26. Rxf2 Qe7 27. Kg2 Nf6 28. Nxf6+ Qxf6 29. Nc3 h6 30. Rd1 Rd8 31. Rxd8+ Qxd8 32. h4 Qb6 33. Nd1 e5 34. c3 e4 35. fxe4 Bxe4+ 36. Kf1 Qd6 37. Ne3 Qd3+ 38. Kg1 Qxe3 39. a4 Qe1+ 40. Kh2 Qh1# 0-1

[Event "CYCC U12"]
[Site "Ottawa CAN"]
[Date "2007.07.05"]
[Round "5"]
[White "Gusev, Nikita"]
[Black "Constantinescu, Vlad"]
[Result "1-0"]
[WhiteElo "2032"]
[BlackElo "1676"]
[PlyCount "85"]
[GameId "2160767910659090"]
[EventDate "2007.07.03"]
[EventType "swiss"]
[EventRounds "7"]
[EventCountry "CAN"]
[SourceTitle "EXT 2022"]
[Source "ChessBase"]
[SourceDate "2021.10.06"]
[SourceVersion "1"]
[SourceVersionDate "2021.10.06"]
[SourceQuality "1"]

1. e4 e5 2. Nf3 Nc6 3. Bb5 Nf6 4. d3 Bc5 5. O-O d6 6. h3 Be6 7. c3 a6 8. Bxc6+ bxc6 9. d4 exd4 10. cxd4 Bb6 11. Nc3 d5 12. e5 Nd7 13. Ng5 Qe7 14. Nxe6 fxe6 15. Qh5+ g6 16. Qg4 c5 17. Bg5 h5 18. Qh4 Qf7 19. Nxd5 O-O 20. Nf6+ Nxf6 21. Bxf6 cxd4 22. Rad1 c5 23. Rd3 Kh7 24. Rg3 Bd8 25. Rf3 Qg8 26. Rc1 Bxf6 27. exf6 Rac8 28. Qe4 Qf7 29. Qe5 Rc7 30. Rxc5 Rd7 31. Rc1 Rfd8 32. Rd1 Rd5 33. Qe4 e5 34. g4 hxg4 35. hxg4 d3 36. g5 Rd4 37. Qxe5 Rg4+ 38. Rg3 Re8 39. Qd6 Rh4 40. Qxd3 Kh8 41. Rh3 Qh7 42. f7 Rf8 43. Qc3+ 1-0

[Event "CYCC U12"]
[Site "Ottawa CAN"]
[Date "2007.07.05"]
[Round "5"]
[White "Han, Yifei"]
[Black "Kaminski, Thomas"]
[Result "1/2-1/2"]
[WhiteElo "1854"]
[BlackElo "1982"]
[PlyCount "89"]
[GameId "2160767910659091"]
[EventDate "2007.07.03"]
[EventType "swiss"]
[EventRounds "7"]
[EventCountry "CAN"]
[SourceTitle "EXT 2022"]
[Source "ChessBase"]
[SourceDate "2021.10.06"]
[SourceVersion "1"]
[SourceVersionDate "2021.10.06"]
[SourceQuality "1"]

1. e4 c6 2. d4 d5 3. e5 Bf5 4. Bd3 Bxd3 5. Qxd3 e6 6. Ne2 Qc7 7. O-O c5 8. c3 Nc6 9. a3 Nge7 10. b4 c4 11. Qc2 O-O-O 12. Ng3 h5 13. a4 h4 14. Ne2 Nf5 15. Na3 Be7 16. Nb5 Qd7 17. f4 Kb8 18. Bd2 Rdg8 19. Qc1 Nd8 20. Na3 Rh5 21. Nc2 g6 22. a5 Rh7 23. Ne3 Nxe3 24. Bxe3 Bf8 25. a6 b6 26. Qc2 Nc6 27. Qa4 Qc8 28. g3 hxg3 29. Nxg3 Rgh8 30. Rf2 Rh3 31. Bc1 Ne7 32. Raa2 Qc7 33. Ba3 Nc8 34. Rab2 Be7 35. b5 Bxa3 36. Qxa3 Qd8 37. Qa4 Qh4 38. Rg2 Rxh2 39. Rxh2 Qxg3+ 40. Kh1 Qe1+ 41. Kg2 Qe4+ 42. Kg3 Qd3+ 43. Kg4 Qf5+ 44. Kg3 Qd3+ 45. Kg4 1/2-1/2

[Event "CYCC U12"]
[Site "Ottawa CAN"]
[Date "2007.07.05"]
[Round "5"]
[White "Hughes, Ben"]
[Black "Passador, Stephen"]
[Result "0-1"]
[WhiteElo "870"]
[BlackElo "1239"]
[PlyCount "52"]
[GameId "2160767910659093"]
[EventDate "2007.07.03"]
[EventType "swiss"]
[EventRounds "7"]
[EventCountry "CAN"]
[SourceTitle "EXT 2022"]
[Source "ChessBase"]
[SourceDate "2021.10.06"]
[SourceVersion "1"]
[SourceVersionDate "2021.10.06"]
[SourceQuality "1"]

1. d4 d5 2. c4 e6 3. Nc3 Bb4 4. Bd2 Nf6 5. e3 O-O 6. Bd3 b6 7. Nf3 Bb7 8. O-O Re8 9. e4 dxe4 10. Nxe4 Bxd2 11. Nfxd2 Qxd4 12. Qe2 Qxb2 13. Rfb1 Qd4 14. Rb4 Qxa1+ 15. Nf1 Qe5 16. Nxf6+ Qxf6 17. Ne3 Qe7 18. Qh5 g6 19. Qh3 Qxb4 20. g4 Nd7 21. f4 Nc5 22. Bc2 Rad8 23. f5 Qe1+ 24. Nf1 Ne4 25. fxg6 Qf2+ 26. Kh1 Ng3# 0-1

[Event "CYCC U12"]
[Site "Ottawa CAN"]
[Date "2007.07.05"]
[Round "5"]
[White "Inigo, Aquino"]
[Black "Florea, Alexandru"]
[Result "1-0"]
[WhiteElo "1995"]
[BlackElo "1781"]
[PlyCount "81"]
[GameId "2160767910659094"]
[EventDate "2007.07.03"]
[EventType "swiss"]
[EventRounds "7"]
[EventCountry "CAN"]
[SourceTitle "EXT 2022"]
[Source "ChessBase"]
[SourceDate "2021.10.06"]
[SourceVersion "1"]
[SourceVersionDate "2021.10.06"]
[SourceQuality "1"]

1. d4 d5 2. c4 e6 3. Nc3 Nf6 4. Bg5 Be7 5. e3 O-O 6. Nf3 h6 7. Bh4 Ne4 8. Bxe7 Qd7 9. cxd5 Nxc3 10. bxc3 exd5 11. Qb3 Rd8 12. c4 dxc4 13. Bxc4 Nc6 14. Be2 b6 15. O-O Bb7 16. Rac1 Na5 17. Qc3 c5 18. Rfd1 cxd4 19. Nxd4 Rac8 20. Qb2 Nc6 21. Nf5 Qe6 22. Nd6 Rxd6 23. Rxd6 Nxe7 24. g3 Rxc1+ 25. Qxc1 Qe5 26. Rd7 Bd5 27. Bd3 Be4 28. Bxe4 Qxe4 29. Qd1 Ng6 30. Qd5 Qxd5 31. Rxd5 Ne7 32. Rd7 Nc6 33. Rc7 Nb4 34. Rxa7 b5 35. Ra5 Kf8 36. Rxb5 Nxa2 37. Rb3 Nc1 38. Ra3 Ke7 39. Kf1 Kd6 40. Ke1 Kc5 41. Rc3+ 1-0

[Event "CYCC U12"]
[Site "Ottawa CAN"]
[Date "2007.07.05"]
[Round "5"]
[White "Lepine, Cedric"]
[Black "Gladstone, Simon"]
[Result "1/2-1/2"]
[WhiteElo "1516"]
[BlackElo "1848"]
[PlyCount "148"]
[GameId "2160767910659095"]
[EventDate "2007.07.03"]
[EventType "swiss"]
[EventRounds "7"]
[EventCountry "CAN"]
[SourceTitle "EXT 2022"]
[Source "ChessBase"]
[SourceDate "2021.10.06"]
[SourceVersion "1"]
[SourceVersionDate "2021.10.06"]
[SourceQuality "1"]

1. e4 e6 2. d4 d5 3. exd5 exd5 4. Bd3 Bd6 5. Nc3 Ne7 6. Bg5 f6 7. Be3 Nbc6 8. Qh5+ g6 9. Qf3 Rf8 10. O-O-O Be6 11. Nge2 Qd7 12. h3 O-O-O 13. Nf4 Bxf4 14. Qxf4 g5 15. Qh2 h6 16. g4 f5 17. f3 f4 18. Bf2 Bf7 19. Bb5 Bg6 20. Rhe1 Kb8 21. Re2 Nc8 22. Rde1 Rfe8 23. Re5 Nb6 24. Bg1 Qd6 25. Bxc6 Qxc6 26. Qe2 Rxe5 27. dxe5 d4 28. Rd1 Na4 29. Bxd4 Nxc3 30. Bxc3 Rxd1+ 31. Qxd1 Kc8 32. Qe2 Qe6 33. b3 Bf7 34. Qf2 Qc6 35. Kb2 b6 36. a4 Bd5 37. Qe1 Bxf3 38. e6 Qe4 39. Qf2 Qe3 40. Bd4 Qxf2 41. Bxf2 Kd8 42. Kc3 Ke7 43. Kd4 Kxe6 44. c4 Bd1 45. Kc3 c5 46. b4 Kd6 47. a5 Bf3 48. axb6 axb6 49. bxc5+ bxc5 50. Kd3 Bg2 51. h4 Bf1+ 52. Ke4 Bxc4 53. hxg5 hxg5 54. Kf5 Be2 55. Kxg5 f3 56. Kf4 c4 57. Ke3 Ke5 58. Bh4 c3 59. Be1 c2 60. Bd2 Kf6 61. Kf2 Ke5 62. g5 Kf5 63. Be3 Ke4 64. Bc1 Kf5 65. Be3 Kg4 66. Bd2 Bd3 67. Be3 Be4 68. Bd2 Kf5 69. Bc1 Ke5 70. Ke3 Kd5 71. Kf2 Kd4 72. Be3+ Kd3 73. Bf4 Bd5 74. Bc1 Ke4 1/2-1/2

[Event "CYCC U12"]
[Site "Ottawa CAN"]
[Date "2007.07.05"]
[Round "5"]
[White "Marcotte, Neil"]
[Black "Itkin, David"]
[Result "0-1"]
[WhiteElo "1230"]
[BlackElo "1482"]
[PlyCount "56"]
[GameId "2160767910659096"]
[EventDate "2007.07.03"]
[EventType "swiss"]
[EventRounds "7"]
[EventCountry "CAN"]
[SourceTitle "EXT 2022"]
[Source "ChessBase"]
[SourceDate "2021.10.06"]
[SourceVersion "1"]
[SourceVersionDate "2021.10.06"]
[SourceQuality "1"]

1. e4 c5 2. Nf3 Nc6 3. d4 cxd4 4. Nxd4 Nf6 5. Nc3 e5 6. Nxc6 bxc6 7. Bc4 Bb4 8. Bd2 Bxc3 9. Bxc3 Nxe4 10. Bxe5 Qa5+ 11. Bc3 Nxc3 12. bxc3 Qxc3+ 13. Kf1 Qxc4+ 14. Qe2+ Qxe2+ 15. Kxe2 O-O 16. Rhe1 Re8+ 17. Kf1 Ba6+ 18. Re2 Rxe2 19. g3 Rxc2+ 20. Kg2 Re8 21. Rd1 d5 22. Rf1 Bxf1+ 23. Kxf1 Ree2 24. Kg2 Rxf2+ 25. Kh3 Rxh2+ 26. Kg4 Rcf2 27. a4 h6 28. a5 f5# 0-1